Fr. Conceicao Rodrigues College of Engineering

Blockchain with Hyperledger fabric (Record no. 35836)

MARC details
000 -LEADER
fixed length control field 00227nam a2200109Ia 4500
082 ## - DEWEY DECIMAL CLASSIFICATION NUMBER
Classification number 005.76 
Item number GAU
100 ## - MAIN ENTRY--PERSONAL NAME
Personal name Gaur-Nitin
9 (RLIN) 42
245 ## - TITLE STATEMENT
Title Blockchain with Hyperledger fabric
260 ## - PUBLICATION, DISTRIBUTION, ETC.
Date of publication, distribution, etc. 2020
300 ## - PHYSICAL DESCRIPTION
Extent 724
942 ## - ADDED ENTRY ELEMENTS (KOHA)
Koha item type BOOK
Holdings
Withdrawn status Lost status Damaged status Not for loan Home library Current library Date acquired Inventory number Total Checkouts Full call number Barcode Date last seen Price effective from Koha item type
        Fr. Agnel's C.Rodrigues College of Engineering Fr. Agnel's C.Rodrigues College of Engineering 05/01/2023 295 dt 15-10-2022   005.76 GAU 26029 19/06/2023 19/06/2023 BOOK
        Fr. Agnel's C.Rodrigues College of Engineering Fr. Agnel's C.Rodrigues College of Engineering 05/01/2023 295 dt 15-10-2022   005.76 GAU 26030 19/06/2023 19/06/2023 BOOK
        Fr. Agnel's C.Rodrigues College of Engineering Fr. Agnel's C.Rodrigues College of Engineering 05/01/2023 295 dt 15-10-2022   005.76 GAU 26031 19/06/2023 19/06/2023 BOOK